000 00461nam a22001697a 4500
005 20251108165810.0
008 250721s9999 xx 000 0 ara d
082 1 4 _aط/621.384/ف
100 1 _aفودة، فريد
245 1 0 _aيوم في الإذاعه /
264 1 _aالقاهره :
_bمكتبة نهضة مصر،
_c[19-].
300 _a37ص :مص
490 0 _aأعرف بلدك -9
650 1 7 _aالراديو
942 _2ddc
_cBK
999 _c31564
_d31564